[Event "MSR_ch20"]
[Site "?"]
[Date "2024.04.10"]
[Round "7.20"]
[White "Volanek, Maros"]
[Black "Zatko, Slavomir"]
[Result "0-1"]
[BlackElo "1684"]
[WhiteElo "1822"]
[LiveChessVersion "1.4.8"]

1. d4 {[%clk 1:30:38]} d5 {[%clk 1:30:49]} 2. Nf3 Nf6 {[%clk 1:30:30]} 3. c4
{[%clk 1:31:25]} e6 {[%clk 1:30:53]} 4. Nc3 {[%clk 1:31:40]} c6 {[%clk 1:30:30]}
5. Bg5 {[%clk 1:30:52]} h6 {[%clk 1:29:24]} 6. Bh4 {[%clk 1:30:52]} g5
{[%clk 1:29:17]} 7. Bg3 {[%clk 1:30:44]} dxc4 {[%clk 1:29:26]} 8. e3
{[%clk 1:27:32]} b5 {[%clk 1:28:58]} 9. a4 {[%clk 1:27:45]} Bb4 {[%clk 1:29:14]}
10. axb5 {[%clk 1:25:39]} cxb5 {[%clk 1:28:18]} 11. Bxb8 {[%clk 1:24:23]} Rxb8
{[%clk 1:27:09]} 12. Rxa7 {[%clk 1:24:39]} Ba5 {[%clk 1:24:43]} 13. Qa1
{[%clk 1:22:59]} Bb4 {[%clk 1:21:10]} 14. Ne5 {[%clk 1:21:54]} Bb7
{[%clk 1:17:06]} 15. f3 {[%clk 1:13:39]} Nd5 {[%clk 1:07:41]} 16. Ke2
{[%clk 1:04:24]} f6 {[%clk 0:59:30]} 17. Ng4 {[%clk 0:58:00]} h5 {[%clk 0:53:02]}
18. Nf2 {[%clk 0:57:48]} e5 {[%clk 0:47:00]} 19. dxe5 {[%clk 0:45:00]} Bc5
{[%clk 0:44:00]} 20. Nfe4 {[%clk 0:37:04]} Nxc3+ {[%clk 0:42:15]} 21. Nxc3
{[%clk 0:36:49]} Qd3+ {[%clk 0:42:15]} 22. Ke1 {[%clk 0:36:44]} Qxe3+
{[%clk 0:41:51]} 23. Be2 {[%clk 0:37:01]} Qf2+ {[%clk 0:40:43]} 24. Kd1
{[%clk 0:37:24]} Rd8+ {[%clk 0:39:31]} 25. Kc2 {[%clk 0:37:19]} Bxa7
{[%clk 0:39:14]} 26. exf6 {[%clk 0:37:09]} b4 {[%clk 0:35:25]} 27. Qa4+
{[%clk 0:36:50]} Rd7 {[%clk 0:31:59]} 28. Qxb4 {[%clk 0:36:59]} Qc5
{[%clk 0:28:20]} 29. Qxc5 {[%clk 0:36:17]} Bxc5 {[%clk 0:28:32]} 30. Bxc4
{[%clk 0:36:37]} Rd4 {[%clk 0:26:09]} 31. Re1+ {[%clk 0:36:11]} Kd8
{[%clk 0:25:08]} 32. Bb3 {[%clk 0:36:16]} Re8 {[%clk 0:23:34]} 33. f7
{[%clk 0:33:11]} Rf8 {[%clk 0:23:23]} 34. Re5 {[%clk 0:32:49]} Be7
{[%clk 0:22:26]} 35. Rb5 {[%clk 0:32:50]} Rb4 {[%clk 0:21:56]} 36. Rf5
{[%clk 0:31:39]} Rf4 {[%clk 0:20:12]} 37. Rb5 {[%clk 0:31:52]} Kc7
{[%clk 0:19:31]} 38. Re5 {[%clk 0:30:41]} Kd6 {[%clk 0:17:46]} 39. Ra5
{[%clk 0:30:38]} Rc8 {[%clk 0:15:29]} 40. Ra7 {[%clk 0:30:43]} Rc7
{[%clk 0:14:30]} 41. Kb1 {[%clk 0:30:44]} Rb4 {[%clk 0:12:49]} 42. f8=N Ke5 0-1

[Event "MSR_ch20"]
[Site "?"]
[Date "2024.04.10"]
[Round "7.21"]
[White "Loffay, Pavol"]
[Black "Osvald, Jakub"]
[Result "1-0"]
[BlackElo "1517"]
[WhiteElo "1803"]
[LiveChessVersion "1.4.8"]

1. f4 {[%clk 1:30:58]} d5 {[%clk 1:30:51]} 2. Nf3 {[%clk 1:31:23]} Nf6
{[%clk 1:31:11]} 3. e3 {[%clk 1:31:41]} c5 {[%clk 1:31:20]} 4. Bb5+
{[%clk 1:31:32]} Bd7 {[%clk 1:29:55]} 5. Bxd7+ {[%clk 1:31:54]} Nbxd7
{[%clk 1:30:17]} 6. b3 {[%clk 1:31:44]} g6 {[%clk 1:28:46]} 7. Bb2
{[%clk 1:31:13]} Bg7 {[%clk 1:28:41]} 8. Qe2 {[%clk 1:30:32]} O-O
{[%clk 1:27:30]} 9. O-O {[%clk 1:30:14]} Nb8 {[%clk 1:22:55]} 10. d3
{[%clk 1:29:07]} Nfd7 {[%clk 1:19:06]} 11. Bxg7 {[%clk 1:29:07]} Kxg7
{[%clk 1:19:29]} 12. Nbd2 {[%clk 1:29:21]} f5 {[%clk 1:18:12]} 13. Ng5
{[%clk 1:28:05]} Qb6 {[%clk 1:17:30]} 14. Kh1 {[%clk 1:23:55]} h6
{[%clk 1:10:55]} 15. Nh3 {[%clk 1:22:51]} Qf6 {[%clk 1:03:38]} 16. e4
{[%clk 1:20:52]} dxe4 {[%clk 1:02:46]} 17. dxe4 {[%clk 1:20:26]} e5
{[%clk 1:02:43]} 18. Nc4 {[%clk 1:19:40]} Nc6 {[%clk 1:00:13]} 19. Rad1
{[%clk 1:15:25]} Nd4 {[%clk 0:56:35]} 20. Qe3 {[%clk 1:15:18]} b5
{[%clk 0:49:09]} 21. fxe5 {[%clk 1:08:49]} Nxe5 {[%clk 0:49:25]} 22. Nxe5
{[%clk 1:09:10]} Qxe5 {[%clk 0:49:42]} 23. c3 {[%clk 1:09:37]} Ne6
{[%clk 0:46:56]} 24. Rd7+ {[%clk 1:09:21]} Rf7 {[%clk 0:46:28]} 25. Rxf7+
{[%clk 1:09:34]} Kxf7 {[%clk 0:46:52]} 26. Qxh6 {[%clk 1:09:58]} Rh8
{[%clk 0:44:24]} 27. Qe3 {[%clk 1:05:10]} Rh4 {[%clk 0:42:13]} 28. Qd2
{[%clk 0:57:56]} Qxe4 {[%clk 0:36:12]} 29. Re1 {[%clk 0:56:50]} Qc6
{[%clk 0:33:21]} 30. Rxe6 {[%clk 0:47:03]} Kxe6 {[%clk 0:30:18]} 31. Ng5+
{[%clk 0:33:58]} Ke7 {[%clk 0:17:42]} 32. Qe1+ {[%clk 0:32:09]} Re4
{[%clk 0:17:53]} 33. Nxe4 {[%clk 0:32:30]} Qxe4 {[%clk 0:17:52]} 34. Qxe4+
{[%clk 0:29:28]} fxe4 {[%clk 0:18:09]} 35. Kg1 {[%clk 0:29:55]} a5
{[%clk 0:14:03]} 36. Kf2 {[%clk 0:30:00]} Ke6 {[%clk 0:13:21]} 37. Ke3
{[%clk 0:30:04]} Kd5 {[%clk 0:10:56]} 38. a3 {[%clk 0:19:15]} c4 {[%clk 0:08:43]}
39. b4 {[%clk 0:19:20]} axb4 {[%clk 0:07:12]} 40. axb4 {[%clk 0:19:08]} Ke5
{[%clk 0:06:11]} 41. g3 {[%clk 0:18:32]} Kf5 {[%clk 0:02:31]} 42. Kd4
{[%clk 0:08:45]} Kg4 {[%clk 0:23:05]} 43. Kxe4 {[%clk 0:39:06]} Kh3
{[%clk 0:22:12]} 44. Kd5 {[%clk 0:39:22]} Kxh2 {[%clk 0:22:30]} 45. Kc5
{[%clk 0:39:36]} Kxg3 {[%clk 0:22:39]} 46. Kxb5 {[%clk 0:40:01]} Kf2
{[%clk 0:21:58]} 47. Kxc4 {[%clk 0:39:57]} g5 {[%clk 0:22:07]} 48. b5
{[%clk 0:40:21]} g4 {[%clk 0:21:57]} 49. b6 {[%clk 0:40:42]} g3 {[%clk 0:21:20]}
50. b7 {[%clk 0:41:07]} g2 {[%clk 0:21:44]} 51. b8=Q {[%clk 0:41:30]} g1=Q 52.
Qb6+ 1-0

[Event "MSR_ch20"]
[Site "?"]
[Date "2024.04.10"]
[Round "7.22"]
[White "Rerko, Samuel"]
[Black "Droppa, Kristian"]
[Result "1-0"]
[BlackElo "1594"]
[WhiteElo "1584"]
[LiveChessVersion "1.4.8"]

1. c4 {[%clk 1:30:56]} e5 {[%clk 1:28:36]} 2. g3 {[%clk 1:31:16]} Nf6
{[%clk 1:28:41]} 3. Bg2 {[%clk 1:31:36]} d5 {[%clk 1:28:12]} 4. b3
{[%clk 1:31:44]} dxc4 {[%clk 1:21:21]} 5. bxc4 {[%clk 1:32:02]} Bd7
{[%clk 1:19:31]} 6. Bxb7 {[%clk 1:30:57]} Bc6 {[%clk 1:16:23]} 7. Bxa8
{[%clk 1:28:27]} Bxa8 {[%clk 1:16:39]} 8. f3 {[%clk 1:28:15]} Be7
{[%clk 1:14:10]} 9. Bb2 {[%clk 1:24:27]} O-O {[%clk 1:14:10]} 10. Bxe5
{[%clk 1:22:20]} Ng4 {[%clk 1:13:50]} 11. Bb2 {[%clk 1:19:04]} Bb4
{[%clk 1:11:34]} 12. a3 {[%clk 1:16:14]} Ne3 {[%clk 1:11:13]} 13. Qc1
{[%clk 1:11:44]} Ng2+ {[%clk 1:09:48]} 14. Kf1 1-0

[Event "MSR_ch20"]
[Site "?"]
[Date "2024.04.10"]
[Round "7.23"]
[White "Sulik, Adrian"]
[Black "Hulic, Michal"]
[Result "1/2-1/2"]
[BlackElo "1575"]
[WhiteElo "1000"]
[LiveChessVersion "1.4.8"]

1. c4 {[%clk 1:30:49]} e5 {[%clk 1:30:47]} 2. g3 {[%clk 1:31:08]} g6
{[%clk 1:30:39]} 3. Bg2 {[%clk 1:31:26]} Bg7 {[%clk 1:30:56]} 4. Nc3
{[%clk 1:31:45]} f5 {[%clk 1:30:39]} 5. e3 {[%clk 1:31:20]} Nf6 {[%clk 1:30:48]}
6. d3 {[%clk 1:31:14]} d6 {[%clk 1:30:33]} 7. Nge2 {[%clk 1:31:14]} O-O
{[%clk 1:30:04]} 8. O-O {[%clk 1:31:08]} c6 {[%clk 1:29:50]} 9. b4
{[%clk 1:30:08]} Be6 {[%clk 1:27:50]} 10. Ba3 {[%clk 1:28:24]} Qc7
{[%clk 1:23:50]} 11. Rb1 {[%clk 1:25:12]} a6 {[%clk 1:23:06]} 12. Bb2
{[%clk 1:19:37]} Rd8 {[%clk 1:18:02]} 13. a4 {[%clk 1:17:22]} d5 {[%clk 1:11:13]}
14. cxd5 {[%clk 1:11:58]} Nxd5 {[%clk 1:11:05]} 15. Nxd5 {[%clk 1:11:31]} Bxd5
{[%clk 1:10:54]} 16. Bxd5+ {[%clk 1:11:45]} cxd5 {[%clk 1:11:08]} 17. Rc1
{[%clk 1:11:34]} Qe7 {[%clk 1:11:01]} 18. Qb3 {[%clk 1:10:42]} Kh8
{[%clk 1:00:00]} 19. Rc5 {[%clk 1:00:00]} d4 {[%clk 0:51:40]} 20. exd4
{[%clk 0:58:23]} exd4 {[%clk 0:51:51]} 21. Nf4 {[%clk 0:58:11]} Nc6
{[%clk 0:47:32]} 22. Ne6 {[%clk 0:55:28]} Qf7 {[%clk 0:42:21]} 23. Bxd4
{[%clk 0:49:40]} Nxd4 {[%clk 0:31:20]} 24. Nxd4 {[%clk 0:49:55]} Qxb3
{[%clk 0:31:39]} 25. Nxb3 {[%clk 0:50:15]} Rxd3 {[%clk 0:31:42]} 26. Rb1
{[%clk 0:49:19]} Rad8 {[%clk 0:31:01]} 27. Rcc1 {[%clk 0:47:26]} b6
{[%clk 0:29:44]} 28. a5 {[%clk 0:32:35]} bxa5 {[%clk 0:25:10]} 29. bxa5
{[%clk 0:27:30]} Bf8 {[%clk 0:21:00]} 30. Rc6 {[%clk 0:21:36]} R3d6
{[%clk 0:16:22]} 31. Rbc1 {[%clk 0:16:10]} R8d7 32. Rxd6 {[%clk 0:11:52]} Rxd6
{[%clk 0:10:42]} 33. Rc8 {[%clk 0:11:54]} Kg7 {[%clk 0:10:08]} 1/2-1/2